|
|
|
|
| LEADER |
00978nam a2200241 a 4500 |
| 001 |
00006813 |
| 008 |
120103r19971991ii a 001 0 eng |
| 020 |
|
|
|a 0074602942
|
| 040 |
|
|
|a BD-DhAAL
|c BD-DhAAL
|
| 082 |
0 |
0 |
|a 005.74
|2 22
|
| 999 |
|
|
|c 11719
|d 11719
|
| 999 |
|
|
|c 11719
|
| 100 |
1 |
|
|a Prakash, Naveen
|9 1810
|
| 245 |
1 |
0 |
|a Introduction to database management /
|c Naveen Prakash.
|
| 260 |
|
|
|a New Delhi :
|b Tata McGraw-Hill,
|c c1997.[reprinted 1991]
|
| 300 |
|
|
|a xii, 304 p. :
|b ill. ;
|c 25 cm.
|
| 500 |
|
|
|a Includes index.
|
| 541 |
1 |
|
|e 00006813
|
| 650 |
|
0 |
|a Database management.
|9 1388
|
| 852 |
1 |
|
|a Ayesha Abed library
|c General Shelf
|
| 942 |
|
|
|2 ddc
|c AV
|
| 952 |
|
|
|0 0
|1 0
|2 ddc
|4 0
|6 005_740000000000000_PRA
|7 0
|9 19059
|a BRACUL
|b BRACUL
|c GEN
|d 2012-01-04
|l 1
|o 005.74 PRA
|p 3010006813
|r 2024-06-24
|s 2024-06-13
|t 1
|w 2012-01-04
|y BK
|
| 952 |
|
|
|0 0
|1 0
|2 ddc
|4 0
|6 005_740000000000000_PRA
|7 0
|9 19060
|a BRACUL
|b BRACUL
|c GEN
|d 2012-01-04
|l 2
|m 2
|o 005.74 PRA
|p 3010006814
|r 2022-08-31
|s 2022-08-17
|t 2
|w 2012-01-04
|y BK
|